00425 a2200133 450000100060000002000180000604000220002410000210004624000430006724500380011030000080014836200090015665001260016562918 a9788506068625 cAnchieta - Pituba aRozsas, Jeanette10aEdgar Allan Poe, o mago do terrorlpor10aEdgar Allan Poe, o mago do terror a2710 a2012 4aPessoas em literatura, história, biografia, genealogia (incluindo historiadores, escritores e críticos da literatura)